<?xml version="1.0" encoding="UTF-8"?>
<record
    xmlns:xsi="http://www.w3.org/2001/XMLSchema-instance"
    xsi:schemaLocation="http://www.loc.gov/MARC21/slim http://www.loc.gov/standards/marcxml/schema/MARC21slim.xsd"
    xmlns="http://www.loc.gov/MARC21/slim">

  <leader>00734nam a22001337a 4500</leader>
  <controlfield tag="008">140401b        xxu||||| |||| 00| 0 eng d</controlfield>
  <datafield tag="050" ind1=" " ind2=" ">
    <subfield code="a">BT453</subfield>
    <subfield code="b">.W58 1999</subfield>
  </datafield>
  <datafield tag="245" ind1=" " ind2=" ">
    <subfield code="a">The Theology of the Cross.</subfield>
    <subfield code="c">Wood,Chester.</subfield>
    <subfield code="h">[Audio Cassette]</subfield>
  </datafield>
  <datafield tag="260" ind1=" " ind2=" ">
    <subfield code="a">Indianapolis,Indiana;</subfield>
    <subfield code="b">Faith Mission Churc.</subfield>
    <subfield code="c">c1999</subfield>
  </datafield>
  <datafield tag="300" ind1=" " ind2=" ">
    <subfield code="a">v:</subfield>
  </datafield>
  <datafield tag="500" ind1=" " ind2=" ">
    <subfield code="a">contains various subtitles.
1.The suffering servant of Isaiah,cup of the covenant
2.The cross and &amp; Satan,Paul and the cross
3.Jesus and the leaders,Jesus and the Temple</subfield>
  </datafield>
  <datafield tag="600" ind1=" " ind2=" ">
    <subfield code="2">The Theology of the Cross.</subfield>
    <subfield code="a">Wood,Chester.</subfield>
    <subfield code="c">1.The suffering servant of Isaiah,cup of the covenant </subfield>
    <subfield code="d">1999</subfield>
    <subfield code="t">2.The cross and &amp; Satan,Paul and the cross </subfield>
    <subfield code="x">3.Jesus and the leaders,Jesus and the Temple</subfield>
    <subfield code="9">26135</subfield>
  </datafield>
  <datafield tag="942" ind1=" " ind2=" ">
    <subfield code="2">lcc</subfield>
    <subfield code="c">AC</subfield>
  </datafield>
  <datafield tag="999" ind1=" " ind2=" ">
    <subfield code="c">58860</subfield>
    <subfield code="d">58834</subfield>
  </datafield>
  <datafield tag="952" ind1=" " ind2=" ">
    <subfield code="0">0</subfield>
    <subfield code="1">0</subfield>
    <subfield code="2">lcc</subfield>
    <subfield code="4">0</subfield>
    <subfield code="7">0</subfield>
    <subfield code="8">GEN</subfield>
    <subfield code="a">CPL</subfield>
    <subfield code="b">CPL</subfield>
    <subfield code="c">CD &amp; DVD</subfield>
    <subfield code="d">2014-04-01</subfield>
    <subfield code="l">0</subfield>
    <subfield code="o">BT 453.W58 1999 TAPE</subfield>
    <subfield code="p">R286843232</subfield>
    <subfield code="r">2014-04-01 00:00:00</subfield>
    <subfield code="w">2014-04-01</subfield>
    <subfield code="y">AC</subfield>
  </datafield>
</record>
